000 00734nam a2200253Ia 4500
003 OSt
005 20220918222247.0
006 a|||||r|||| 00| 0
007 ta
008 220917b |||||||| |||| 00| 0 eng d
024 _a216,280
037 _cTextual
040 _aARTS
_cARTS
_beng
041 _2eng
_aeng
082 _aVv4.L, N8
100 _aBlusse Leonard Ed.
_9142671
245 0 _aOn the eighteenth century as a category of Asian history Van leur in retrospect
260 _aAldershot
_bAshgate
_c1998
300 _avii, 313p
_ccm.
650 _aHISTORY
700 _a Gaastra Femme Ed.
_94177
942 _hVv4.L, N8
_cTEXL
_2CC
999 _c275024
_d275024